[Event "Grand Pacific op"]
[Site "Victoria CAN"]
[Date "2010.04.06"]
[Round "6"]
[White "Raymer, Elliot"]
[Black "Sequillion, Aaron"]
[Result "0-1"]
[WhiteElo "1760"]
[BlackElo "2066"]
[PlyCount "48"]
[EventDate "2010.04.02"]
[EventType "swiss"]
[EventRounds "6"]
[EventCountry "CAN"]

1. e4 d5 2. exd5 Nf6 3. Nc3 Nxd5 4. d4 g6 5. Bg5 Bg7 6. Nf3 O-O 7. Qd2 Re8 8.
O-O-O Be6 9. Nxd5 Bxd5 10. c4 Bxf3 11. gxf3 Nc6 12. d5 Nd4 13. Bh6 Bh8 14. Qf4
c5 15. dxc6 bxc6 16. Rd3 Rb8 17. b3 Qa5 18. Qd2 Qa3+ 19. Kb1 Nxb3 20. Rxb3
Rxb3+ 21. axb3 Qxb3+ 22. Kc1 Qa3+ 23. Kc2 Rb8 24. Qc1 Qc3+ 0-1

[Event "Grand Pacific op"]
[Site "Victoria CAN"]
[Date "2010.04.05"]
[Round "6"]
[White "Roua, Radu Laurentiu"]
[Black "Patterson, Roger"]
[Result "1-0"]
[WhiteElo "2236"]
[BlackElo "2204"]
[PlyCount "59"]
[EventDate "2010.04.02"]
[EventType "swiss"]
[EventRounds "6"]
[EventCountry "CAN"]

1. d4 f5 2. Nc3 d5 3. e4 dxe4 4. Bc4 Nf6 5. f3 e5 6. dxe5 Qxd1+ 7. Kxd1 Nfd7 8.
Bf4 Nb6 9. Bb3 Bb4 10. Nge2 exf3 11. gxf3 Na6 12. a4 Bd7 13. a5 Nc8 14. Nd5 Ne7
15. Nxb4 Nxb4 16. Rg1 Ng6 17. Bd2 Na6 18. e6 Bc6 19. Nd4 O-O-O 20. Nxc6 bxc6
21. Re1 Nc5 22. Bc4 Rd4 23. b3 Rhd8 24. Re2 Nf4 25. e7 Re8 26. Bf7 Nxe2 27.
Bxe8 Nc3+ 28. Kc1 Nd5 29. Bf7 Nxe7 30. Be3 1-0

[Event "Grand Pacific op"]
[Site "Victoria CAN"]
[Date "2010.04.05"]
[Round "6"]
[White "Stewart, Deron"]
[Black "Leblanc, Paul"]
[Result "1/2-1/2"]
[WhiteElo "1624"]
[BlackElo "1877"]
[PlyCount "112"]
[EventDate "2010.04.02"]
[EventType "swiss"]
[EventRounds "6"]
[EventCountry "CAN"]

1. e4 c6 2. d4 d5 3. exd5 cxd5 4. Nf3 Nc6 5. h3 Bf5 6. Bd3 Bxd3 7. Qxd3 e6 8.
Bf4 Nf6 9. O-O Be7 10. Nbd2 O-O 11. c4 dxc4 12. Nxc4 Qd5 13. a3 Rfd8 14. Rfd1
Qh5 15. Qb3 Nd5 16. Bh2 b6 17. Nfe5 Nxe5 18. Nxe5 Bd6 19. Rac1 Rac8 20. Nc6
Bxh2+ 21. Kxh2 Qg5 22. Qg3 Qxg3+ 23. Kxg3 Rd7 24. Nxa7 Rxc1 25. Rxc1 g6 26. Nb5
Ne7 27. Kf3 Kg7 28. Rc7 Rxc7 29. Nxc7 Nc6 30. d5 exd5 31. Nxd5 b5 32. Ke4 f5+
33. Kd3 Kf7 34. Kc3 g5 35. b4 g4 36. hxg4 fxg4 37. Nc7 Na7 38. Kd4 Kg6 39. Ke4
h5 40. Kf4 Kf6 41. Nd5+ Kg6 42. Nc3 Kf6 43. Ne4+ Kg6 44. Nd6 Kf6 45. f3 gxf3
46. Kxf3 Ke5 47. Ne4 Kd4 48. Nf6 Nc6 49. Nxh5 Kc3 50. Nf4 Kb3 51. Nd5 Kxa3 52.
Nc7 Kxb4 53. Ke4 Kc5 54. Nxb5 Kxb5 55. g4 Kc5 56. Kf5 Kd6 1/2-1/2

[Event "Grand Pacific op"]
[Site "Victoria CAN"]
[Date "2010.04.05"]
[Round "6"]
[White "Wu, Howard"]
[Black "Han, Yifei"]
[Result "1-0"]
[WhiteElo "2216"]
[BlackElo "1858"]
[PlyCount "111"]
[EventDate "2010.04.02"]
[EventType "swiss"]
[EventRounds "6"]
[EventCountry "CAN"]

1. Nf3 Nf6 2. d4 d5 3. c4 e6 4. g3 Be7 5. Bg2 c6 6. O-O O-O 7. Nc3 Nbd7 8. b3
Bb4 9. Bb2 Nb6 10. Ne5 dxc4 11. bxc4 Nbd7 12. Nd3 Qa5 13. Nb1 Be7 14. e4 Qc7
15. e5 Ne8 16. Nd2 f5 17. Rc1 c5 18. d5 Rb8 19. d6 Nxd6 20. exd6 Bxd6 21. Qe2
e5 22. Bd5+ Kh8 23. f4 e4 24. Ne1 Nb6 25. Ng2 Nxd5 26. cxd5 b5 27. Ne3 c4 28.
Nb3 Qf7 29. Nd4 Bd7 30. Qd2 Bc5 31. Ne2 Bxe3+ 32. Qxe3 Qxd5 33. Rfd1 Qb7 34.
Rd6 Rf7 35. Qd4 e3 36. Qxe3 Re8 37. Be5 Bc6 38. Nd4 Be4 39. Ne6 Bh1 40. Qf2
Rfe7 41. Rcd1 Bf3 42. Nxg7 Rxe5 43. fxe5 Rg8 44. Rf1 Bg4 45. Nxf5 Bh3 46. Rfd1
Qe4 47. e6 c3 48. Qd4+ Qxd4+ 49. Nxd4 b4 50. e7 Bg4 51. Re1 Bh5 52. Rd8 Be8 53.
Rf1 Kg7 54. Ne6+ Kh6 55. Rf6+ Kh5 56. Rd5+ 1-0

[Event "Grand Pacific op"]
[Site "Victoria CAN"]
[Date "2010.04.05"]
[Round "6"]
[White "Yonkman, Trevor"]
[Black "Harris, Philip"]
[Result "1/2-1/2"]
[WhiteElo "1088"]
[BlackElo "1931"]
[PlyCount "51"]
[EventDate "2010.04.02"]
[EventType "swiss"]
[EventRounds "6"]
[EventCountry "CAN"]

1. e4 e5 2. Nf3 Nc6 3. Bb5 a6 4. Ba4 Nf6 5. O-O Be7 6. Re1 b5 7. Bb3 d6 8. c3
Bg4 9. d3 O-O 10. Be3 Na5 11. Bc2 c5 12. Nbd2 Qc7 13. d4 c4 14. h3 Bh5 15. g4
Bg6 16. Nh4 Rfd8 17. Nxg6 hxg6 18. f4 Rab8 19. Nf3 Nd7 20. Qe2 Re8 21. Qh2 Bf8
22. Rf1 b4 23. fxe5 dxe5 24. dxe5 Nxe5 25. Bf4 Qc5+ 26. Kh1 1/2-1/2

[Event "Grand Pacific op"]
[Site "Victoria CAN"]
[Date "2010.04.05"]
[Round "6"]
[White "Yoos, John"]
[Black "Grund, Holger"]
[Result "1/2-1/2"]
[WhiteElo "2444"]
[BlackElo "2422"]
[PlyCount "73"]
[EventDate "2010.04.02"]
[EventType "swiss"]
[EventRounds "6"]
[EventCountry "CAN"]

1. e4 d5 2. d4 c6 3. e5 Bf5 4. Nf3 e6 5. Be2 Ne7 6. O-O h6 7. a3 Nd7 8. Nbd2
Bh7 9. b3 c5 10. dxc5 Nxc5 11. b4 Ne4 12. Nxe4 Bxe4 13. Nd2 Bh7 14. c4 dxc4 15.
Nxc4 Qxd1 16. Rxd1 Nd5 17. Bf3 O-O-O 18. Ne3 Nxe3 19. Rxd8+ Kxd8 20. Bxe3 b6
21. Rc1 Be7 22. Bb7 Kd7 23. Bc6+ Kd8 24. f3 Bg5 25. f4 Be7 26. b5 Kc7 27. Be8+
Kb7 28. Bxf7 Bxa3 29. Rd1 Bf5 30. Rd7+ Kb8 31. Bh5 Rc8 32. Bf3 Rc7 33. Rd8+ Rc8
34. Rd1 Rc3 35. Kf2 Kc7 36. g4 Bd3 37. Be2 1/2-1/2

[Event "Grand Pacific op U1400"]
[Site "Victoria CAN"]
[Date "2010.04.05"]
[Round "6"]
[White "Wu, Ruining (Ray)"]
[Black "Lee, Daniel"]
[Result "1-0"]
[WhiteElo "1333"]
[BlackElo "1128"]
[PlyCount "105"]
[EventDate "2010.04.02"]
[EventType "swiss"]
[EventRounds "6"]
[EventCountry "CAN"]

1. e4 c5 2. Nf3 e6 3. d4 cxd4 4. Nxd4 Nf6 5. Nc3 Bb4 6. Bd3 Bxc3+ 7. bxc3 O-O
8. e5 Qa5 9. exf6 Qxc3+ 10. Bd2 Qxd4 11. fxg7 Qxg7 12. O-O Nc6 13. Qh5 Qh8 14.
Bh6 Qe5 15. Qg4+ Kh8 16. Bxf8 f5 17. Qh5 b6 18. Rae1 Qf6 19. Bh6 Bb7 20. Re3
Ne7 21. Bg5 Qg7 22. g3 Nd5 23. Ree1 Rg8 24. h4 Nf6 25. Bxf6 Qxf6 26. Re3 Qg7
27. Re2 f4 28. Qe5 Qxe5 29. Rxe5 fxg3 30. fxg3 Rxg3+ 31. Kh2 Rg2+ 32. Kh3 Rg8
33. Rf7 Rg7 34. Rxg7 Kxg7 35. Rg5+ Kh6 36. Kg4 a5 37. Rh5+ Kg7 38. Kg5 Kf8 39.
Rxh7 Ke8 40. Kf6 Kd8 41. Bb5 Bc8 42. Ke5 Kc7 43. h5 a4 44. h6 a3 45. Re7 Kb7
46. Kd6 e5 47. Rxe5 Ka7 48. Re8 Bb7 49. Kc7 d6 50. h7 d5 51. h8=Q Bc8 52. Rxc8
d4 53. Ra8# 1-0

[Event "Guelph Fall Pro-Am U2000"]
[Site "Guelph CAN"]
[Date "2010.11.06"]
[Round "2"]
[White "Wiebe, Daniel"]
[Black "Gillis, Doug"]
[Result "1/2-1/2"]
[WhiteElo "1853"]
[BlackElo "1622"]
[PlyCount "90"]
[EventDate "2010.11.05"]
[EventType "swiss"]
[EventRounds "5"]
[EventCountry "CAN"]

1. e4 e6 2. d4 d5 3. Nc3 dxe4 4. Nxe4 Qd5 5. Nc3 Bb4 6. a3 Bxc3+ 7. bxc3 Nf6 8.
Nf3 c5 9. c4 Qd8 10. Bg5 h6 11. Bc1 Nc6 12. Bb2 Qa5+ 13. Qd2 Qxd2+ 14. Kxd2
cxd4 15. Nxd4 Nxd4 16. Bxd4 O-O 17. f3 Rd8 18. Ke3 Nd7 19. Rb1 e5 20. Bc3 f6
21. Be2 Nc5 22. Bb4 Ne6 23. g3 Nd4 24. Bd3 Bf5 25. Bc5 Nxc2+ 26. Bxc2 Bxc2 27.
Rxb7 Rd3+ 28. Ke2 Rad8 29. Bb4 R3d7 30. Rxd7 Rxd7 31. Rc1 Ba4 32. Ke3 Kf7 33.
h4 g6 34. Bc3 Rd1 35. Rxd1 Bxd1 36. f4 exf4+ 37. Kxf4 Bb3 38. c5 Bd5 39. g4 Bc6
40. g5 fxg5+ 41. hxg5 h5 42. Ke5 Ke7 43. Be1 Bg2 44. Bf2 Bc6 45. Bg1 a6 1/2-1/2

[Event "Guelph Fall ProAm"]
[Site "Guelph CAN"]
[Date "2010.11.06"]
[Round "1"]
[White "Bailey, Doug"]
[Black "Lacau Rodean, Iulia"]
[Result "1-0"]
[WhiteElo "2336"]
[BlackElo "2031"]
[PlyCount "51"]
[EventDate "2010.11.06"]
[EventType "swiss"]
[EventRounds "5"]
[EventCountry "CAN"]

1. e4 c5 2. Nf3 d6 3. d4 cxd4 4. Nxd4 Nf6 5. Nc3 a6 6. Bg5 Nbd7 7. Qd2 b5 8. a4
bxa4 9. Bc4 Bb7 10. O-O Rc8 11. Bd5 Qc7 12. Rxa4 Nc5 13. Rc4 e6 14. Re1 Qd7 15.
Bxf6 gxf6 16. b4 exd5 17. Nxd5 Bxd5 18. exd5+ Ne6 19. dxe6 fxe6 20. Rxc8+ Qxc8
21. Nxe6 Be7 22. Qd3 Qb7 23. Nf4 Kf7 24. Qc4+ Kf8 25. Ne6+ Ke8 26. Qg4 1-0

[Event "Guelph Fall ProAm"]
[Site "Guelph CAN"]
[Date "2010.11.06"]
[Round "1"]
[White "Demmery, Steve"]
[Black "Sambuev, Bator"]
[Result "0-1"]
[WhiteElo "2159"]
[BlackElo "2672"]
[PlyCount "22"]
[EventDate "2010.11.06"]
[EventType "swiss"]
[EventRounds "5"]
[EventCountry "CAN"]

1. d4 Nf6 2. c4 e6 3. g3 Bb4+ 4. Nd2 O-O 5. Ngf3 d5 6. Qc2 c5 7. cxd5 cxd4 8.
Nxd4 e5 9. Nf5 Qxd5 10. Rg1 Bxf5 11. Qxf5 Rd8 0-1

[Event "Guelph Fall ProAm"]
[Site "Guelph CAN"]
[Date "2010.11.06"]
[Round "1"]
[White "Drkulec, Vladimir"]
[Black "Bzikot, Robert"]
[Result "0-1"]
[WhiteElo "2230"]
[BlackElo "2024"]
[PlyCount "50"]
[EventDate "2010.11.06"]
[EventType "swiss"]
[EventRounds "5"]
[EventCountry "CAN"]

1. d4 d5 2. c4 c6 3. Nf3 Nf6 4. Nc3 e6 5. e3 Nbd7 6. Bd2 Bd6 7. Qc2 O-O 8. Be2
Re8 9. O-O h6 10. Rad1 dxc4 11. Bxc4 e5 12. a3 e4 13. Ne1 Nb6 14. Ba2 Bxh2+ 15.
Kxh2 Ng4+ 16. Kg3 Qd6+ 17. f4 Qg6 18. f5 Bxf5 19. Bxf7+ Qxf7 20. Bc1 Qc7+ 21.
Rf4 g5 22. Qb3+ Kh8 23. d5 gxf4+ 24. exf4 Qg7 25. Kh4 Ne3 0-1

[Event "Guelph Fall ProAm"]
[Site "Guelph CAN"]
[Date "2010.11.06"]
[Round "1"]
[White "Orlova, Yelizaveta"]
[Black "Egorov, Mikhail"]
[Result "1-0"]
[WhiteElo "2023"]
[BlackElo "2201"]
[PlyCount "37"]
[EventDate "2010.11.06"]
[EventType "swiss"]
[EventRounds "5"]
[EventCountry "CAN"]

1. Nf3 Nf6 2. g3 g6 3. Bg2 Bg7 4. O-O d6 5. d4 O-O 6. b3 c5 7. e3 Bg4 8. h3 Bd7
9. Bb2 Ne4 10. c4 Na6 11. Nfd2 Nxd2 12. Qxd2 Rb8 13. Nc3 cxd4 14. exd4 e5 15.
Nd5 Nc7 16. dxe5 dxe5 17. Ba3 Re8 18. Nxc7 Qxc7 19. Bd6 1-0

[Event "Guelph Fall ProAm"]
[Site "Guelph CAN"]
[Date "2010.11.06"]
[Round "1"]
[White "Plotkin, Victor"]
[Black "Ferreira, Alex"]
[Result "1-0"]
[WhiteElo "2398"]
[BlackElo "2087"]
[PlyCount "83"]
[EventDate "2010.11.06"]
[EventType "swiss"]
[EventRounds "5"]
[EventCountry "CAN"]

1. e4 e5 2. Nf3 Nc6 3. Bc4 Nf6 4. d3 Bc5 5. O-O O-O 6. c3 h6 7. d4 Be7 8. d5
Nb8 9. Nxe5 Nxe4 10. Re1 Nd6 11. Bd3 Ne8 12. c4 d6 13. Nf3 Bg4 14. Qe2 Bxf3 15.
Qxe7 Qxe7 16. Rxe7 Bh5 17. Nc3 Na6 18. Be3 Nb4 19. Bb1 Bg6 20. Nb5 c6 21. dxc6
bxc6 22. Nxa7 Bxb1 23. Rxb1 Nxa2 24. Nxc6 Rc8 25. Na5 Nc7 26. b4 d5 27. c5 Nb5
28. Kf1 d4 29. Bd2 Rfe8 30. Rd7 Rcd8 31. Rxd8 Rxd8 32. Nc6 Ra8 33. Ra1 Ra6 34.
Na5 Nac3 35. Bxc3 dxc3 36. Ke2 Ra8 37. Kd3 Rd8+ 38. Kc4 c2 39. Nb3 Rd1 40. Ra8+
Kh7 41. Kxb5 Rb1 42. Ra2 1-0

[Event "Guelph Fall ProAm"]
[Site "Guelph CAN"]
[Date "2010.11.06"]
[Round "1"]
[White "Rezvani, Hemmat"]
[Black "Gusev, Nikita"]
[Result "0-1"]
[WhiteElo "2026"]
[BlackElo "2247"]
[PlyCount "56"]
[EventDate "2010.11.06"]
[EventType "swiss"]
[EventRounds "5"]
[EventCountry "CAN"]

1. d4 Nf6 2. c4 e6 3. Nc3 Bb4 4. Qc2 O-O 5. Nf3 d5 6. a3 Be7 7. e4 dxe4 8. Nxe4
Nc6 9. Be3 Ng4 10. O-O-O f5 11. Ne5 Nxe3 12. fxe3 fxe4 13. Qxe4 Nxe5 14. dxe5
Qe8 15. Bd3 Qg6 16. Qd4 Qh6 17. h4 Rd8 18. Qe4 Bd7 19. Qxb7 Qxe3+ 20. Kb1 Ba4
21. Rhe1 Qf4 22. g3 Qg4 23. Rd2 Rab8 24. Qxc7 Qxg3 25. Rf1 Qe3 26. Bxh7+ Kxh7
27. Rxd8 Rxd8 28. Qxe7 Qd3+ 0-1

[Event "Guelph Fall ProAm"]
[Site "Guelph CAN"]
[Date "2010.11.06"]
[Round "1"]
[White "Song, Terry"]
[Black "Lacau Rodean, Lucian"]
[Result "1/2-1/2"]
[WhiteElo "1919"]
[BlackElo "2116"]
[PlyCount "123"]
[EventDate "2010.11.06"]
[EventType "swiss"]
[EventRounds "5"]
[EventCountry "CAN"]

1. e4 c5 2. Nf3 d6 3. d4 cxd4 4. Nxd4 Nf6 5. Nc3 a6 6. Be3 e5 7. Nb3 Be7 8. f3
O-O 9. Qd2 Be6 10. g4 d5 11. g5 d4 12. gxf6 Bxf6 13. O-O-O dxe3 14. Qe2 Qb6 15.
Nd5 Bxd5 16. Rxd5 Nc6 17. Nc5 Nb4 18. Nd7 Nxa2+ 19. Kb1 Nc3+ 20. Ka1 Nxe2 21.
Nxb6 Nf4 22. Nxa8 Nxd5 23. exd5 Rxa8 24. Bd3 Rd8 25. Re1 Rxd5 26. Rxe3 g6 27.
Ka2 Kg7 28. Kb3 h5 29. h3 Kh6 30. Bc4 Rd7 31. Rd3 Rxd3+ 32. cxd3 Kg7 33. Kb4
Be7+ 34. Ka5 Bc5 35. Bd5 b6+ 36. Kxa6 f5 37. b4 Bf2 38. Kb5 Kf6 39. Kc4 Kg5 40.
Bf7 h4 41. Kd5 Kf6 42. Be6 Be1 43. b5 Bf2 44. Bd7 Bd4 45. Be6 Bc3 46. Bd7 Kg5
47. Be8 Bb2 48. Bf7 Bd4 49. Be8 Bb2 50. Bf7 Kf6 51. Be6 Bd4 52. Bd7 Ke7 53. Bc8
Bc3 54. Be6 Bb2 55. Bc8 Kf6 56. Be6 Kg5 57. Bf7 Bc3 58. Be8 Kf4 59. Bxg6 Kxf3
60. Bxf5 Ke3 61. Kc4 Bd4 62. Bg4 1/2-1/2

[Event "Guelph Fall ProAm"]
[Site "Guelph CAN"]
[Date "2010.11.06"]
[Round "2"]
[White "Bzikot, Robert"]
[Black "Plotkin, Victor"]
[Result "0-1"]
[WhiteElo "2024"]
[BlackElo "2398"]
[PlyCount "72"]
[EventDate "2010.11.06"]
[EventType "swiss"]
[EventRounds "5"]
[EventCountry "CAN"]

1. e4 e5 2. Nf3 Nf6 3. Nc3 Bb4 4. d3 d5 5. exd5 Nxd5 6. Bd2 Nc6 7. g3 Bg4 8. h3
Be6 9. Bg2 f6 10. Qe2 Qd7 11. Ne4 Be7 12. a3 O-O 13. Nc3 Rfe8 14. Nxd5 Bxd5 15.
O-O Rad8 16. Rad1 Bf8 17. Bc1 b6 18. b4 a5 19. c3 Qf7 20. Bb2 e4 21. dxe4 Bc4
22. Qc2 Bb3 23. Qc1 Bxd1 24. Rxd1 Rxd1+ 25. Qxd1 Rd8 26. Qa4 Qd7 27. Bf1 Ne5
28. Qb3+ Qf7 29. Qxf7+ Kxf7 30. Nxe5+ fxe5 31. bxa5 bxa5 32. c4 Ke6 33. Bc3 a4
34. Ba5 Bxa3 35. Bxc7 Rd1 36. Kg2 Rxf1 0-1

[Event "Guelph Fall ProAm"]
[Site "Guelph CAN"]
[Date "2010.11.06"]
[Round "2"]
[White "Egorov, Mikhail"]
[Black "Olheiser, Gordon"]
[Result "1-0"]
[WhiteElo "2201"]
[BlackElo "2044"]
[PlyCount "115"]
[EventDate "2010.11.06"]
[EventType "swiss"]
[EventRounds "5"]
[EventCountry "CAN"]

1. Nf3 e6 2. d4 f5 3. c4 Nf6 4. Nc3 Bb4 5. Bd2 O-O 6. g3 Nc6 7. Bg2 Bxc3 8.
Bxc3 Ne4 9. Rc1 Nxc3 10. Rxc3 d6 11. d5 exd5 12. cxd5 Nb8 13. e3 Na6 14. O-O
Nc5 15. Qc2 a5 16. Nd2 b5 17. Rc1 Ra7 18. Nb3 Nxb3 19. Qxb3 b4 20. Rc4 Ba6 21.
Rd4 Qb8 22. Qc2 g6 23. Qd2 Bc8 24. Rh4 Rf7 25. Qd4 Bd7 26. Re1 Rb7 27. e4 Re7
28. e5 dxe5 29. Rxe5 Rxe5 30. Qxe5 Qe8 31. Qxe8+ Bxe8 32. Rc4 Ra7 33. f4 Kf8
34. Kf2 Ke7 35. Ke3 Kd6 36. Kd4 Rb7 37. Rc1 Bd7 38. h3 Rb8 39. Re1 Re8 40. Re5
Rb8 41. Bf1 Re8 42. Be2 c5+ 43. dxc6 Bxc6 44. Rxe8 Bxe8 45. Bc4 h6 46. h4 Bc6
47. Bf7 Bf3 48. Bxg6 Bg4 49. Bf7 Bh3 50. Bc4 Bg4 51. Bd3 Bh3 52. Be2 Bg2 53. g4
fxg4 54. Bxg4 Bd5 55. a3 bxa3 56. bxa3 Ba2 57. Be2 Ke6 58. Bc4+ 1-0

[Event "Guelph Fall ProAm"]
[Site "Guelph CAN"]
[Date "2010.11.06"]
[Round "2"]
[White "Ferreira, Alex"]
[Black "Drkulec, Vladimir"]
[Result "1/2-1/2"]
[WhiteElo "2087"]
[BlackElo "2230"]
[PlyCount "123"]
[EventDate "2010.11.06"]
[EventType "swiss"]
[EventRounds "5"]
[EventCountry "CAN"]

1. d4 Nf6 2. Bg5 g6 3. Bxf6 exf6 4. e3 Bg7 5. Nd2 f5 6. c3 O-O 7. Qb3 d5 8.
Ngf3 c6 9. c4 b6 10. cxd5 cxd5 11. O-O-O Be6 12. Kb1 a5 13. Bb5 Qd6 14. Rc1 Ra7
15. Rc3 Rc8 16. Rhc1 Rac7 17. Rxc7 Rxc7 18. Rc3 f4 19. exf4 Qxf4 20. Rxc7 Qxc7
21. Qc3 Bf5+ 22. Kc1 Qxc3+ 23. bxc3 Bf8 24. c4 Ba3+ 25. Kd1 Bd3 26. Ne5 dxc4
27. Ndxc4 Bxc4 28. Nxc4 Bb4 29. Ke2 Kf8 30. Nxb6 Bc3 31. Kd3 Be1 32. f3 Ke7 33.
Nc4 Nd7 34. Bxd7 Kxd7 35. Ke4 f6 36. Kd5 Bb4 37. a3 Be7 38. g4 Bf8 39. h4 Be7
40. h5 Bf8 41. hxg6 hxg6 42. a4 Bb4 43. g5 Ke7 44. gxf6+ Kxf6 45. Kc6 Kf5 46.
Ne5 Bc3 47. Kc5 g5 48. Nd3 g4 49. fxg4+ Kxg4 50. d5 Kf5 51. Kc6 Ke4 52. Nc5+
Kd4 53. d6 Kc4 54. Ne4 Bb4 55. Kc7 Kb3 56. d7 Be7 57. Nc5+ Kb4 58. Kc6 Bh4 59.
Kd5 Bd8 60. Kd6 Bh4 61. Kc6 Be7 62. Kd5 1/2-1/2

[Event "Guelph Fall ProAm"]
[Site "Guelph CAN"]
[Date "2010.11.06"]
[Round "2"]
[White "Fiedler, Brian"]
[Black "Rezvani, Hemmat"]
[Result "1/2-1/2"]
[WhiteElo "2137"]
[BlackElo "2026"]
[PlyCount "75"]
[EventDate "2010.11.06"]
[EventType "swiss"]
[EventRounds "5"]
[EventCountry "CAN"]

1. d4 e6 2. c4 d5 3. Nc3 Nf6 4. Bg5 c6 5. e3 Nbd7 6. cxd5 exd5 7. Qc2 Be7 8.
Bd3 h6 9. Bxf6 Nxf6 10. Nge2 O-O 11. f3 Re8 12. O-O-O Qa5 13. Kb1 b5 14. g4 Ba6
15. h4 b4 16. Na4 Bxd3 17. Rxd3 Rac8 18. g5 Nh5 19. gxh6 gxh6 20. Rdd1 Kh8 21.
Rdg1 Ng7 22. e4 dxe4 23. fxe4 Rg8 24. e5 c5 25. d5 c4 26. Nf4 b3 27. axb3 cxb3
28. Qxb3 Bc5 29. Nxc5 Qxc5 30. Qd3 Rb8 31. Rg2 Ne8 32. Rxg8+ Kxg8 33. e6 Qb6
34. Qg3+ Ng7 35. exf7+ Kxf7 36. Nd3 Rb7 37. Rf1+ Kg8 38. Qe5 1/2-1/2

[Event "Guelph Fall ProAm"]
[Site "Guelph CAN"]
[Date "2010.11.06"]
[Round "2"]
[White "Grigorescu, Laurentiu"]
[Black "Song, Terry"]
[Result "1-0"]
[WhiteElo "2091"]
[BlackElo "1919"]
[PlyCount "129"]
[EventDate "2010.11.06"]
[EventType "swiss"]
[EventRounds "5"]
[EventCountry "CAN"]

1. d4 Nf6 2. c4 c5 3. d5 b5 4. cxb5 a6 5. bxa6 g6 6. b3 Bg7 7. Bb2 Bxa6 8. g3
d6 9. Bg2 O-O 10. Nh3 Nbd7 11. O-O Qc7 12. Re1 Rfb8 13. Bc3 c4 14. b4 Nb6 15.
a4 Bc8 16. e4 Ne8 17. Ng5 Nd7 18. Bxg7 Nxg7 19. Qf3 Ne5 20. Qc3 Nd3 21. Re3
Rxb4 22. Nd2 Qc5 23. Bf1 Rbxa4 24. Rxa4 Rxa4 25. Bxd3 cxd3 26. Qxc5 dxc5 27.
Rxd3 Rd4 28. Rxd4 cxd4 29. f4 Ne8 30. Ngf3 d3 31. Kf2 e6 32. dxe6 Bxe6 33. Ke3
Bg4 34. Kxd3 Bxf3 35. Nxf3 Kg7 36. Kd4 h5 37. e5 Kf8 38. Ke4 Ng7 39. Nd4 Kg8
40. Kd5 Kf8 41. e6 Ke8 42. Ke5 Kf8 43. Kf6 Ne8+ 44. Kg5 Ke7 45. exf7 Kxf7 46.
Nf3 Kg7 47. Ne5 h4 48. Nxg6 hxg3 49. hxg3 Nf6 50. Nh4 Ne4+ 51. Kg4 Kf6 52. Kf3
Nd2+ 53. Kg2 Nc4 54. g4 Ne3+ 55. Kf3 Nd5 56. g5+ Kg7 57. f5 Ne7 58. Ke4 Nc8 59.
Ke5 Ne7 60. g6 Kg8 61. Ke6 Nc6 62. f6 Nd4+ 63. Ke7 Nc6+ 64. Ke8 Kh8 65. f7 1-0

[Event "Guelph Fall ProAm"]
[Site "Guelph CAN"]
[Date "2010.11.06"]
[Round "2"]
[White "Lacau Rodean, Iulia"]
[Black "Demmery, Steve"]
[Result "1-0"]
[WhiteElo "2031"]
[BlackElo "2159"]
[PlyCount "71"]
[EventDate "2010.11.06"]
[EventType "swiss"]
[EventRounds "5"]
[EventCountry "CAN"]

1. e4 d6 2. d4 Nf6 3. Nc3 c6 4. f4 Qa5 5. Bd3 e5 6. Nf3 Bg4 7. dxe5 dxe5 8. h3
Bxf3 9. Qxf3 Nbd7 10. Bd2 Qc7 11. f5 b5 12. g4 Nc5 13. g5 Nfd7 14. O-O-O a5 15.
g6 hxg6 16. fxg6 f6 17. h4 a4 18. h5 Nxd3+ 19. Qxd3 Nc5 20. Qh3 b4 21. Ne2 b3
22. cxb3 axb3 23. a3 Qd7 24. Qxd7+ Kxd7 25. Bb4+ Ke6 26. Bxc5 Bxc5 27. Rd3 Ra4
28. Ng3 Rc4+ 29. Kb1 Rb8 30. Rc1 Rxc1+ 31. Kxc1 Rb5 32. Nf5 Bf8 33. Rd8 Rc5+
34. Kd1 Rc2 35. Rxf8 Rxb2 36. Rd8 1-0

[Event "Guelph Fall ProAm"]
[Site "Guelph CAN"]
[Date "2010.11.06"]
[Round "2"]
[White "Lacau Rodean, Lucian"]
[Black "Friedman, Alexander"]
[Result "0-1"]
[WhiteElo "2168"]
[BlackElo "2034"]
[PlyCount "130"]
[EventDate "2010.11.06"]
[EventType "swiss"]
[EventRounds "5"]
[EventCountry "CAN"]

1. e4 c5 2. Nf3 e6 3. d4 cxd4 4. Nxd4 Nc6 5. Nc3 Qc7 6. Be3 a6 7. Qd2 Bb4 8. f3
Nf6 9. g4 d6 10. g5 Nd7 11. O-O-O Nce5 12. f4 Nc4 13. Bxc4 Qxc4 14. Nde2 O-O
15. a3 Ba5 16. Qxd6 b5 17. Rd4 Qc7 18. Rhd1 Qb7 19. f5 Re8 20. g6 fxg6 21. fxe6
Nf6 22. Nd5 Bxe6 23. Nef4 Rad8 24. Qxe6+ Rxe6 25. Nxe6 Re8 26. b4 Bb6 27. Nxb6
Qxb6 28. Nc5 Qc7 29. Rd6 Qf7 30. Bg5 h6 31. Bxf6 gxf6 32. Rxa6 f5 33. Rg1 Kg7
34. exf5 Qxf5 35. Ra7+ Kf8 36. Nd7+ Kg8 37. Rd1 Qf2 38. Ra6 Kg7 39. Rdd6 Qf7
40. Kb2 Qf5 41. Rxg6+ Qxg6 42. Rxg6+ Kxg6 43. a4 bxa4 44. b5 Re7 45. Nc5 Re5
46. Nxa4 Rxb5+ 47. Kc3 Rb8 48. Kd3 Kf5 49. c4 Rb4 50. Nc3 Rb2 51. c5 Rxh2 52.
c6 Ke6 53. Ne4 h5 54. Ke3 Rc2 55. Kf4 Rxc6 56. Kg5 h4 57. Nf2 Rc4 58. Nh3 Rd4
59. Nf4+ Kd6 60. Nh3 Kd5 61. Nf2 Kc4 62. Ng4 h3 63. Ne5+ Kc3 64. Nf3 Kd3 65.
Ne5+ Ke3 0-1

[Event "Guelph Fall ProAm"]
[Site "Guelph CAN"]
[Date "2010.11.06"]
[Round "2"]
[White "Parmet, Daniel"]
[Black "Bailey, Doug"]
[Result "0-1"]
[WhiteElo "1905"]
[BlackElo "2336"]
[PlyCount "88"]
[EventDate "2010.11.06"]
[EventType "swiss"]
[EventRounds "5"]
[EventCountry "CAN"]

1. d4 Nf6 2. Nf3 g6 3. c4 Bg7 4. Nc3 d5 5. cxd5 Nxd5 6. e4 Nb6 7. h3 O-O 8. Be3
c6 9. Be2 Be6 10. O-O Bc4 11. a4 a5 12. Rc1 Na6 13. b3 Bxe2 14. Qxe2 Nb4 15.
Rfd1 e6 16. Ne5 f5 17. f3 Qe7 18. Nc4 Nxc4 19. bxc4 Rfd8 20. c5 Rd7 21. Nb1
Rad8 22. Qc4 Kh8 23. Nc3 h6 24. Rd2 Kh7 25. Rcd1 Bf6 26. Rb2 Qg7 27. Rbd2 Re8
28. Ne2 g5 29. Bf2 Qg6 30. Nc3 g4 31. hxg4 fxg4 32. fxg4 Qxg4 33. Qe2 Qg6 34.
e5 Bg5 35. Rb2 Rg8 36. Qe4 Rdg7 37. Rdb1 Bd8 38. Be3 Rf7 39. Qxg6+ Rxg6 40. Ne4
h5 41. Bd2 Rfg7 42. Bxb4 axb4 43. Rxb4 Rxg2+ 44. Kh1 R2g4 0-1

[Event "Guelph Fall ProAm"]
[Site "Guelph CAN"]
[Date "2010.11.06"]
[Round "2"]
[White "Sambuev, Bator"]
[Black "Guo, Joshua"]
[Result "1-0"]
[WhiteElo "2672"]
[BlackElo "2198"]
[PlyCount "93"]
[EventDate "2010.11.06"]
[EventType "swiss"]
[EventRounds "5"]
[EventCountry "CAN"]

1. d4 Nf6 2. c4 e5 3. dxe5 Ng4 4. Nf3 Bc5 5. e3 Nc6 6. a3 a5 7. Nc3 Ngxe5 8.
Nxe5 Nxe5 9. f4 Ng6 10. Bd3 d6 11. O-O O-O 12. Qh5 f5 13. Kh1 Bd7 14. e4 Qh4
15. Qxh4 Nxh4 16. g3 Ng6 17. exf5 Bxf5 18. Bxf5 Rxf5 19. Bd2 Re8 20. Rae1 Rff8
21. Ne4 Bb6 22. Ng5 Rxe1 23. Rxe1 h6 24. Ne6 Re8 25. Bc3 Nf8 26. f5 Nxe6 27.
fxe6 a4 28. Kg2 g6 29. g4 c6 30. h4 Bd8 31. Kg3 Be7 32. Re4 Rf8 33. Bd2 Kg7 34.
c5 d5 35. Rb4 Bxc5 36. Rxb7+ Kf6 37. Bxh6 Re8 38. Kf3 Kxe6 39. Rc7 d4 40. Rxc6+
Kd5 41. Rxg6 Rb8 42. Bc1 d3 43. Rg5+ Kc4 44. h5 Bd4 45. h6 Bxb2 46. Bxb2 Rxb2
47. Rh5 1-0

[Event "Guelph Fall ProAm"]
[Site "Guelph CAN"]
[Date "2010.11.06"]
[Round "3"]
[White "Ferreira, Alex"]
[Black "Lacau Rodean, Lucian"]
[Result "1-0"]
[WhiteElo "2087"]
[BlackElo "2168"]
[PlyCount "65"]
[EventDate "2010.11.06"]
[EventType "swiss"]
[EventRounds "5"]
[EventCountry "CAN"]

1. d4 Nf6 2. Bg5 c5 3. Bxf6 gxf6 4. e3 e6 5. Nf3 Qb6 6. b3 Nc6 7. Be2 Bg7 8.
O-O f5 9. c3 d5 10. Nbd2 Bd7 11. Rc1 O-O 12. dxc5 Qxc5 13. c4 d4 14. exd4 Nxd4
15. Nxd4 Qxd4 16. Nf3 Qxd1 17. Rfxd1 Rfd8 18. Nd4 Bh6 19. Rc3 e5 20. Nc2 e4 21.
Ne3 Be6 22. Nd5 Bxd5 23. cxd5 Bf4 24. g4 Kg7 25. gxf5 Kf6 26. f3 e3 27. Rc4
Kxf5 28. Bd3+ Kg5 29. h4+ Kxh4 30. Rxf4+ Kg3 31. Rxf7 Rxd5 32. Rg7+ Kh3 33.
Bf1+ 1-0